LIBRARY & INFORMATION CENTRE, KCAET, TAVANUR

ONLINE PUBLIC ACCESS CATALOGUE (OPAC)

Design of Agricultural Machinery (Record no. 19395)

MARC details
000 -LEADER
fixed length control field 00437nam a22001697a 4500
003 - CONTROL NUMBER IDENTIFIER
control field OSt
008 - FIXED-LENGTH DATA ELEMENTS--GENERAL INFORMATION
fixed length control field 250215b |||||||| |||| 00| 0 eng d
020 ## - INTERNATIONAL STANDARD BOOK NUMBER
ISBN 0-471-80529-7
041 ## - LANGUAGE CODE
Language code of text/sound track or separate title eng
082 ## - DEWEY DECIMAL CLASSIFICATION NUMBER
Classification number 631.3
Item number KRU/DE
100 ## - MAIN ENTRY--AUTHOR NAME
Personal name Krutz, Gary
245 ## - TITLE STATEMENT
Title Design of Agricultural Machinery
260 ## - PUBLICATION, DISTRIBUTION, ETC. (IMPRINT)
Place of publication New York:
Name of publisher John Wiley & Sons,
Year of publication 1984.
300 ## - PHYSICAL DESCRIPTION
Number of Pages 472p.
700 ## - ADDED ENTRY--PERSONAL NAME
Personal name Thompson, Lester and Claar, Paul
942 ## - ADDED ENTRY ELEMENTS (KOHA)
Koha item type Books
Holdings
Withdrawn status Lost status Damaged status Home library Current library Shelving location Date acquired Full call number Accession Number Koha item type
      KAUAET KAUAET General Stacks 15/02/2025 631.3 KRU/DE 19450 Books
free website counter